Loading...
History - World History | 0 | 4 | 0 | 1 | 40 | 36 | 69.50 | 0 | 3 |
History - American History | 0 | 3 | 0 | 1 | 30 | 62 | 95.00 | 0 | 1 |
Philosophy | 0 | 3 | 1 | 1 | 25 | 105 | 119.00 | 0 | 0 |
Literature - American Literature | 0 | 2 | 0 | 0 | 20 | 64 | 65.00 | 0 | 1 |
Social Science | 0 | 2 | 1 | 0 | 15 | 49 | 61.00 | 1 | 1 |
Religion | 0 | 1 | 0 | 0 | 10 | 60 | 60.00 | 1 | 1 |
Science - Biology | 0 | 1 | 0 | 1 | 10 | 114 | 114.00 | 0 | 0 |
Science - Chemistry | 0 | 1 | 0 | 0 | 10 | 76 | 76.00 | 0 | 0 |
Science - Other Science | 0 | 1 | 0 | 1 | 10 | 117 | 117.00 | 0 | 0 |
Other Academic | 0 | 1 | 0 | 0 | 10 | 44 | 44.00 | 0 | 0 |
Fine Arts - Visual Fine Arts | 0 | 1 | 0 | 1 | 10 | 137 | 137.00 | 0 | 0 |
History - Other History | 0 | 1 | 0 | 1 | 10 | 126 | 126.00 | 0 | 0 |
Mythology | 0 | 1 | 0 | 0 | 10 | 81 | 81.00 | 0 | 1 |
Fine Arts - Classical Music | 0 | 1 | 0 | 1 | 10 | 121 | 121.00 | 0 | 0 |
History - European History | 0 | 1 | 1 | 1 | 5 | 131 | 131.00 | 0 | 0 |
Science - Physics | 0 | 0 | 1 | 0 | -5 | 0.00 | 0 | 0 |